Ha majd az erdőt járod

Bibliographic Details
Main Author: Ondrejov, Ľudo, 1901-1962 (Author)
Other Authors: Hosszú, Ferenc, 1923-1980 (Translator), Bláha, Richard, 1916- (Illustrator)
Format: Book
Language:Hungarian
Slovak
PhysicalDescription:[28] nečíslovaných strán ilustrácie 21 cm
Published: Bratislava Mladé letá 1966
Edition:1. kiad.
Subjects:

MARC

LEADER 00000cam a2200000 a 4500
001 vtls008352847
003 SK-MaSNL
005 20260302020143.0
008 190102s1966 xo a jr 000 1 hun
015 |a SNBA1966/08-01412 
020 |q (viazané) 
035 |a SK01SNK19660045064 
035 |a SKM000047527 
040 |a SNK  |b slo  |c SNK  |e AACR2 
041 1 |a hun  |h slo 
044 |a xo  |c SK 
072 7 |a 821.162.4-3  |x Slovenská próza  |2 konspekt 
072 7 |a 821-93  |x Literatúra pre deti a mládež (beletria)  |2 konspekt 
080 |a 821.162.4-3  |2 2011 
080 |a 82-93-053.4/.5  |2 2011 
100 1 |a Ondrejov, Ľudo,  |d 1901-1962  |4 aut  |9 56066 
240 1 0 |a Keď pôjdeš horou  |l Maďarsky 
245 1 0 |a Ha majd az erdőt járod  |c [szerző: Ľudo Ondrejov ; szlovák eredetiből Keď pôjdeš horou ... fordította Hosszú Ferenc ; illusztrálta Richard Bláha] 
250 |a 1. kiad. 
260 |a Bratislava  |b Mladé letá  |c 1966 
300 |a [28] nečíslovaných strán  |b ilustrácie  |c 21 cm 
366 |e 5000 kusov 
500 |a Titulná kresba 
500 |a Spoluvydal Móra Ferenc Könyvkiadó, Budapest 
655 7 |a slovenské prózy  |2 SNKPH  |9 70229 
655 7 |a literatúra pre deti a mládež  |2 SNKPH  |9 189378 
700 1 |a Hosszú, Ferenc,  |d 1923-1980  |4 trl  |9 277531 
700 1 |a Bláha, Richard,  |d 1916-  |4 ill  |9 170448 
710 2 |a Móra Ferenc Kőnyvkiadó  |4 pbl  |9 227627 
852 |a Slovenská národná knižnica 
954 |a beletria pôvodná (slovenská)  |2 lita 
958 |a RK 
958 |a TL 
958 |a DB 
958 |a LX 
958 |a OND 
958 |a UP 
999 |c 1024014  |d 1025944 
952 |a SNK  |b SNK  |y PREZ  |7 0  |p 17A0892046  |o snkSC 21800  |i snkKSP 5405/66  |0 0  |1 0  |4 0  |d 1998-09-28  |l 0  |r 2005-01-02 00:00:00  |w 2026-02-24 
952 |a SNK  |b SNK  |y VYP  |7 0  |p 17A1346328  |o snkSC 21800 D1  |i snkKSP 5406/66  |0 0  |1 0  |4 0  |d 1998-09-28  |l 0  |r 2005-01-02 00:00:00  |w 2026-02-24